[Event "Ostersund op"]
[Site "Ostersund"]
[Date "2018.06.16"]
[Round "3"]
[White "Johansson, Henrik"]
[Black "Andersson, Sune"]
[Result "1-0"]
[WhiteElo "1703"]
[BlackElo "1484"]
[PlyCount "45"]
[EventDate "2018.06.15"]
[EventType "swiss"]
[EventRounds "6"]
[EventCountry "SWE"]
[SourceTitle "CBM 184 Extra"]
[Source "ChessBase"]
[SourceDate "2018.06.28"]
[SourceVersion "1"]
[SourceVersionDate "2018.06.28"]
[SourceQuality "1"]

1. d4 Nf6 2. Nf3 g6 3. Bf4 Bg7 4. e3 d6 5. c4 0-0 6. Nc3 Re8 7. Be2 a6 8. 0-0 Nbd7 9. e4 e6 10. e5 dxe5 11. dxe5 Nxe5 12. Nxe5 Nd7 13. Nxd7 Bxd7 14. Qd2 Re7 15. Bf3 c6 16. Rad1 e5 17. Bg5 f6 18. Bg4 fxg5 19. Bxd7 Qc7 20. Ne4 Rd8 21. Be6+ Rxe6 22. Qxd8+ Qxd8 23. Rxd8+ 1-0